• 首页
  • 本馆介绍
  • 公告通知
  • 最新文献
  • 馆藏检索
  • 电子资源
  • 读者导购
  • 参考咨询
  • 我的图书馆
  • 登录
  • 详细信息显示
  • 放入我的书架
  • 预约/预借图书
  • 作者相关作品
  • 分类相关作品
  • 丛书相关作品
  • 出版社相关作品

书目信息

  • 表格格式
  • 工作单格式
  • 卡片格式
题名:
让经典滋养人生
    
 
作者: 郑建忠 著
分册:   中学
出版信息: 南京   江苏凤凰教育出版社  2021.07
页数: 205页
开本: 24cm
丛书名:
单 册:
中图分类: G633.332
科图分类:
主题词: 阅读课--Yue Du Ke--教学研究--中学
电子资源:
ISBN: 978-7-5499-6819-0
000 00979nam0 2200265 450
001 012001002517
005 20140202154608.0
010    @a978-7-5499-6819-0@dCNY48.00
099    @aCAL 012020018937
100    @a20220905d2017 em y0chiy50 ea
101 0  @achi
102    @aCN@b320000
105    @ay z 000yy
106    @ar
200 1  @a让经典滋养人生@Arang jing dian zi yang ren sheng@e名著导读教学策略@i中学@f郑建忠著
210    @a南京@c江苏凤凰教育出版社@d2021.07
215    @a205页@d24cm
300    @a教育求索系列
330    @a本书主要从“导读策略”“实施流程”“实施价值”“课例分析”四大方面,精选了《红楼梦》《西游记》《海底两万里》等经典名著进行导学,揭示了名著导读的教学价值,探索出名著导读的方法策略。
517 1  @a名著导读教学策略@Aming zhu dao du jiao xue ce lue
606 0  @a阅读课@AYue Du Ke@x教学研究@x中学
690    @aG633.332@v5
701  0 @a郑建忠@Azheng jian zhong@4著
801  0 @aCN@bAHXH@c20221111
905    @b1368289-93@dG633.332@e1006@f5
    
    让经典滋养人生:名著导读教学策略.中学/郑建忠著.-南京:江苏凤凰教育出版社,2021.07
    205页;24cm
    教育求索系列
    
    ISBN 978-7-5499-6819-0:CNY48.00
    本书主要从“导读策略”“实施流程”“实施价值”“课例分析”四大方面,精选了《红楼梦》《西游记》《海底两万里》等经典名著进行导学,揭示了名著导读的教学价值,探索出名著导读的方法策略。
●
相关链接 在E读中查询图书 在五车中查询图书 在当当中查询图书 在豆瓣中查询图书


正题名:让经典滋养人生     索取号:G633.332/1006         预约/预借

序号 登录号 条形码 馆藏地/架位号 状态 备注
1 1368289   213682898   第一样本阅览室/ [索取号:G633.332/1006] 在馆    
2 1368290   213682905   教育系资料室/ [索取号:G633.332/1006] 在馆    
3 1368291   213682914   教育系资料室/ [索取号:G633.332/1006] 在馆    
4 1368292   213682923   第四借阅区/ [索取号:G633.332/1006] 在馆    
5 1368293   213682932   第四借阅区/ [索取号:G633.332/1006] 在馆    
唐山师范学院图书馆 欢迎您!
大连网信软件有限公司© 版权所有